Mathematical physics 2000 / (Record no. 478295)
[ view plain ]
| 000 -LEADER | |
|---|---|
| fixed length control field | 01209cam a22002894a 4500 |
| 001 - CONTROL NUMBER | |
| control field | 11957337 |
| 003 - CONTROL NUMBER IDENTIFIER | |
| control field | NUST |
| 005 - DATE AND TIME OF LATEST TRANSACTION | |
| control field | 20180521043912.0 |
| 008 - FIXED-LENGTH DATA ELEMENTS--GENERAL INFORMATION | |
| fixed length control field | 000329s2000 njua b 100 0 eng |
| 010 ## - LIBRARY OF CONGRESS CONTROL NUMBER | |
| LC control number | 00037042 |
| 020 ## - INTERNATIONAL STANDARD BOOK NUMBER | |
| International Standard Book Number | 186094230X (alk. paper) |
| 040 ## - CATALOGING SOURCE | |
| Original cataloging agency | DLC |
| Transcribing agency | DLC |
| Modifying agency | DLC |
| 042 ## - AUTHENTICATION CODE | |
| Authentication code | pcc |
| 050 00 - LIBRARY OF CONGRESS CALL NUMBER | |
| Classification number | QC19.2 |
| Item number | .M369 2000 |
| 082 00 - DEWEY DECIMAL CLASSIFICATION NUMBER | |
| Classification number | 530.15 |
| Edition number | 21 |
| 245 00 - TITLE STATEMENT | |
| Title | Mathematical physics 2000 / |
| Statement of responsibility, etc. | edited by A. Fokas ... [et al.]. |
| 260 ## - PUBLICATION, DISTRIBUTION, ETC. | |
| Place of publication, distribution, etc. | River Edge, NJ : |
| Name of publisher, distributor, etc. | Imperial College Press, |
| Date of publication, distribution, etc. | c2000. |
| 300 ## - PHYSICAL DESCRIPTION | |
| Extent | vii, 326 p. : |
| Other physical details | ill. ; |
| Dimensions | 26 cm. |
| 500 ## - GENERAL NOTE | |
| General note | Based on the International Congress on Mathematical Physics , to be held at Imperial College, London, 2000. Cf. Pref. |
| 504 ## - BIBLIOGRAPHY, ETC. NOTE | |
| Bibliography, etc. note | Includes bibliographical references. |
| 650 #0 - SUBJECT ADDED ENTRY--TOPICAL TERM | |
| Topical term or geographic name entry element | Mathematical physics |
| Form subdivision | Congresses. |
| 9 (RLIN) | 10315 |
| 700 1# - ADDED ENTRY--PERSONAL NAME | |
| Personal name | Fokas, A. S., |
| Dates associated with a name | 1952- |
| 9 (RLIN) | 10316 |
| 711 2# - ADDED ENTRY--MEETING NAME | |
| Meeting name or jurisdiction name as entry element | International Conference on Mathematical Physics |
| Number of part/section/meeting | (13th : |
| Date of meeting | 2000 : |
| Location of meeting | Imperial College, London) |
| 9 (RLIN) | 10317 |
| 906 ## - LOCAL DATA ELEMENT F, LDF (RLIN) | |
| a | 7 |
| b | cbc |
| c | orignew |
| d | 1 |
| e | ocip |
| f | 20 |
| g | y-gencatlg |
| 942 ## - ADDED ENTRY ELEMENTS (KOHA) | |
| Source of classification or shelving scheme | |
| Koha item type | Book |
| Withdrawn status | Lost status | Source of classification or shelving scheme | Damaged status | Not for loan | Collection code | Permanent Location | Current Location | Shelving location | Date acquired | Total Checkouts | Full call number | Barcode | Date last seen | Price effective from | Koha item type |
|---|---|---|---|---|---|---|---|---|---|---|---|---|---|---|---|
| School of Natural Sciences (SNS) | School of Natural Sciences (SNS) | General Stacks | 05/21/2018 | 530.15 | SNS0002369 | 05/21/2018 | 05/21/2018 | Book |
